000 00359nam a22001457a 4500
003 OSt
005 20160727222404.0
008 160623b xxu||||| |||| 00| 0 eng d
040 _cTEST
100 _9769
_aGallico, P
245 _aMrs. Arris Goes to Moscow
260 _aLON
_bWilliam Heinemann Ltd
_c1974
300 _aMrs. Arris Goes to Moscow
942 _2ddc
_cBK
999 _c616
_d616